000 00515nam a2200193Ia 4500
005 20260429112142.0
008 260429s9999||||xx |||||||||||||| ||und||
020 _a9781266021398
041 _aEnglish
082 _a611.07
_bMES
100 _aMescher, Anthony L.
245 0 _aJunqueira's basic histology :
_btext and atlas /
_cAnthony L. Mescher
250 _a17th ed.
260 _aNew York :
_bMcGraw Hill,
_c2024.
300 _aix, 559 p.; pbk
650 _a Atlas
650 _aHistology
942 _cTB
999 _c52616
_d52616